000 00444nam a2200157 i 4500
001 33139
003 ES-MaACL
005 20230906154714.0
007 t|
008 030201s1921 fr ||||1| fre d
100 1 _aBernard, Noel.
_928251
245 1 0 _aPrincipes de biologie végétale /
_cpar Noel Bernard.
260 _aParis :
_bFélix Alcan,
_c1921 (
_fCh. Herissey)
300 _aXII, 212 p. :
_bil. ;
_c19 cm.
852 _aES-MaACL
_jD-4198
999 _c33139
_d33139